000 01114nam a2200325 a 4500
001 000110222
003 CHAP
005 20220329144122.0
008 140804s1995 mx a |r| |||1|||spa|d
010 _a106684
011 _a107656
020 _a9682962773
040 _cCHAP
082 0 4 _a972.74
_bR33
245 0 0 _aRegión transístmica :
_bchontales de Oaxaca, huaves, mixes, popolucas /
_cpor Marco Antonio Vásquez Dávila ... [et al.].
260 3 _aMéxico, D.F. :
_bInstituto Nacional Indigenista,
_c1995.
300 _a294 p. :
_bil.
490 0 _aEtnografía contemporánea de los pueblos indígenas de México
590 _aBATCH-UPD
_b05
_c20140804
_lUCH01
_h1148
590 _aE792CSJ
_b05
_c20140804
_lUCH01
_h1147
650 1 4 _aChontales
_xEtnografía.
_9127663
650 1 4 _aHuaves
_xEtnografía.
_9127664
650 1 4 _aMixes
_xEtnografía.
_9127665
650 1 4 _aPopolucas
_xEtnografía.
_9127666
700 0 _aVásquez Dávila, Marco Antonio.
_9120233
830 0 _aEtnografía contemporánea de los pueblos indígenas de México
_9127671
901 _aBK
942 _cLIBRO
942 _n0
999 _c106684
_d106684